| 000 | 01834nam a22002777a 4500 | ||
|---|---|---|---|
| 003 | AR-RoUNCS | ||
| 005 | 20260701142752.0 | ||
| 007 | ta | ||
| 008 | 260701s2006 ag |||||r|||| 00| 0 spa d | ||
| 020 | _a9504000193 | ||
| 040 |
_aAR-RoUNCS _bspa _cAR-RoUNCS |
||
| 041 | _aspa | ||
| 100 | 1 |
_aHalperin Donghi, Tulio _eautor |
|
| 245 | 1 | 0 |
_aHistoria contemporánea de América Latina / _cTulio Halperin Donghi. |
| 250 | _a6a ed. | ||
| 260 |
_aBuenos Aires : _bAlianza, _c2006. |
||
| 300 |
_a774 p. ; _c20 cm. |
||
| 490 | 0 |
_aAlianza Estudio ; _v3 |
|
| 505 |
_tPrimera parte: Del orden colonial al neocolonial. _gEl legado colonial ; La crisis de Independencia ; La larga espera: 1825-1850. |
||
| 505 |
_tSegunda parte: El orden neocolonial. _gSurgimiento del orden neocolonial ; Madurez del orden neocolonial. |
||
| 505 |
_tTercera parte: Agotamiento del orden neocolonial. _gLa búsqueda del nuevo equilibrio ; Una encrucijada decisiva y su herencia: Latinoamérica desde 1960. |
||
| 520 | _aEste texto medular —verdadero clásico de la historiografía americana— elabora una historia conjunta de Latinoamérica que brinda una perspectiva más dinámica e intrincada de las historias nacionales. Tulio Halperin Donghi, historiador argentino de sólido prestigio internacional, señala en este libro las características comunes de un proceso que, arrancando desde el período colonial, y tras las guerras de independencia y la formación de repúblicas soberanas, prosigue con una situación de neocolonialismo, cuyas consecuencias llegan hasta el presente. Si bien, como lo señala con claridad, el proceso no es homogéneo y ha sido alterado en varias ocasiones, particularmente en la segunda mitad del siglo XX. | ||
| 650 | 7 |
_2embne _aAmérica Latina _vHistoria |
|
| 650 | 7 |
_2embne _aColonización |
|
| 942 |
_2udc _cOG _n0 |
||
| 999 |
_c1071 _d1071 |
||